| 000 | 01040cab a2200409 4500 | ||
|---|---|---|---|
| 001 | ABS56323 | ||
| 008 | 090401t1996 xxu||||| |||| 00| 0 eng d | ||
| 035 | _a(Sirsi) u22857 | ||
| 041 | _aeng | ||
| 245 | _aScotland | ||
| 260 | _c1996 | ||
| 300 | _aLOAN | ||
| 350 | _a0 | ||
| 490 |
_aProperty Week _vSupplement December 1996, (48) |
||
| 650 | _aABERDEEN | ||
| 650 | _aDEVOLUTION | ||
| 650 | _aDUNDEE | ||
| 650 | _aEDINBURGH | ||
| 650 | _aGLASGOW | ||
| 650 | _aINDUSTRIAL MARKET | ||
| 650 | _aINVESTMENT MARKET | ||
| 650 | _aINWARD INVESTMENT | ||
| 650 | _aLEISURE MARKET | ||
| 650 | _aMILLER DEVELOPMENTS | ||
| 650 | _aMORRISON | ||
| 650 | _aMUSSELBURGH | ||
| 650 | _aPROPERTY-COMMERCIAL PROPERTY-OFFICE PROPERTY-OFFICE PROPERTY MARKET | ||
| 650 | _aPUB MARKET | ||
| 650 | _aRETAIL DEVELOPMENT | ||
| 650 | _aRETAIL RENTS | ||
| 650 | _aSCOTLAND | ||
| 650 | _aSTIRLING | ||
| 650 | _aTAYSIDE | ||
| 690 | _aPROPERTY-COMMERCIAL PROPERTY-COMMERCIAL PROPERTY MARKET | ||
| 942 | _n0 | ||
| 948 | _c04/03/1997 | ||
| 999 |
_c15324 _d15324 |
||